Mass housing in the socialist city : heritage, values, and perspectives : case studies in Germany, Russia, and Ukraine (Record no. 10344)

000 -LEADER
fixed length control field 00444nam a2200145Ia 4500
008 - FIXED-LENGTH DATA ELEMENTS--GENERAL INFORMATION
fixed length control field 220308s9999 xx 000 0 und d
020 ## - INTERNATIONAL STANDARD BOOK NUMBER
International Standard Book Number 9783869225074
082 ## - DEWEY DECIMAL CLASSIFICATION NUMBER
Classification number 724.6
100 ## - MAIN ENTRY--PERSONAL NAME
Personal name  Barbara Engel 
245 #0 - TITLE STATEMENT
Title Mass housing in the socialist city : heritage, values, and perspectives : case studies in Germany, Russia, and Ukraine
260 ## - PUBLICATION, DISTRIBUTION, ETC. (IMPRINT)
Name of publisher, distributor, etc  ‎ DOM Publishers (1 November 2019)
365 ## - TRADE PRICE
Price type code EUR
365 ## - TRADE PRICE
Unit of pricing 28
942 ## - ADDED ENTRY ELEMENTS (KOHA)
Source of classification or shelving scheme
Holdings
Withdrawn status Lost status Source of classification or shelving scheme Damaged status Koha normalized classification for sorting Not for loan Permanent location Current location Date acquired Source of acquisition Cost, normal purchase price Total Checkouts Full call number Barcode Date last seen Date last borrowed Cost, replacement price Price effective from Koha item type
        724_600000000000000   BMS College of Architecture, Design and Planning BMS College of Architecture, Design and Planning 2022-03-14 1 1779.68 1 724.6 AR-UG2510 2025-07-21 2025-06-10 2542.40 2022-03-14 UG Books
Copyright © 2025, The Librarian, Library and Information Centre, BMSCA D&P, Bengaluru. All Rights Reserved
web counter

Powered by Koha